[Event "Sparkassen-Open B"]
[Site "Heusenstamm, Martinsee"]
[Date "2019.11.22"]
[Round "2.13"]
[White "Ghaznavi, Massoud"]
[Black "Hegel, Jonas"]
[Result "0-1"]
[WhiteElo "1562"]
[BlackElo "1616"]
[PlyCount "104"]
[EventDate "2019.??.??"]
[WhiteTeam "SV Oberursel"]
[BlackTeam "SC Peiting"]

1. d4 Nf6 2. c4 e5 3. Bg5 exd4 4. Qxd4 Be7 5. Nf3 Nc6 6. Qd1 Ne4 7. Bc1 Bb4+ 8.
Nbd2 Qf6 9. e3 Bxd2+ 10. Bxd2 Qxb2 11. Qc1 Qf6 12. Bd3 Nxd2 13. Nxd2 Nb4 14.
Be4 d5 15. cxd5 Bf5 16. Bxf5 Qxf5 17. O-O Qxd5 18. Nf3 O-O-O 19. Qc3 Na6 20.
Qxg7 Rhg8 21. Qf6 Rd6 22. Qf4 Nc5 23. g3 Nd3 24. e4 Nxf4 25. exd5 Rxd5 26. Rfe1
Ne6 27. Ne5 Ng5 28. f4 Rxe5 29. Rf1 Nh3+ 30. Kg2 Rh5 31. Rae1 f5 32. Kf3 Kd7
33. Rd1+ Kc8 34. Rfe1 Rd8 35. Rxd8+ Kxd8 36. Re5 Nxf4 37. Kxf4 Rxh2 38. Rd5+
Ke7 39. a4 Ke6 40. Re5+ Kd6 41. Rb5 b6 42. Kxf5 Rh5+ 43. Kf6 Rxb5 44. axb5 c5
45. bxc6 a5 46. g4 a4 47. Kg7 a3 48. Kxh7 a2 49. g5 a1=Q 50. g6 b5 51. g7 Qxg7+
52. Kxg7 b4 0-1

[Event "Sparkassen-Open B"]
[Site "Heusenstamm, Martinsee"]
[Date "2019.11.22"]
[Round "2.14"]
[White "Haftmann, Rainer"]
[Black "Englert, Lin"]
[Result "1-0"]
[WhiteElo "1712"]
[BlackElo "1498"]
[PlyCount "97"]
[EventDate "2019.??.??"]
[WhiteTeam "SG Dietzenbach"]
[BlackTeam "TV-Großostheim"]

1. e4 c5 2. Nf3 Nc6 3. d4 cxd4 4. Nxd4 g6 5. Nc3 Bg7 6. Be3 Nf6 7. f3 O-O 8.
Bc4 e6 9. Qd2 d5 10. exd5 Nxd5 11. Nxd5 exd5 12. Nxc6 bxc6 13. O-O-O Be6 14.
Bb3 a5 15. a4 Rb8 16. Bd4 Bxd4 17. Qxd4 Rb4 18. Qd2 Qf6 19. h4 d4 20. Bxe6 Qxe6
21. b3 Re8 22. Rde1 Qd7 23. Rxe8+ Qxe8 24. h5 Qe5 25. hxg6 hxg6 26. Re1 Qh2 27.
Qg5 d3 28. Re8+ Kh7 29. Qe5 Qg1+ 30. Kb2 Qd4+ 31. Qxd4 Rxd4 32. Kc1 dxc2 33.
Kxc2 Rd5 34. Kc3 Kg7 35. f4 Kf6 36. g4 g5 37. f5 Re5 38. Rxe5 Kxe5 39. b4 axb4+
40. Kxb4 Kf4 41. a5 Kxg4 42. a6 Kxf5 43. a7 g4 44. a8=Q Kf4 45. Qxc6 f5 46. Qg2
g3 47. Kc4 Kg4 48. Kd4 f4 49. Ke4 1-0

[Event "Sparkassen-Open B"]
[Site "Heusenstamm, Martinsee"]
[Date "2019.11.22"]
[Round "2.15"]
[White "Pidgora, Andrejs"]
[Black "Dinse, Michael"]
[Result "1/2-1/2"]
[WhiteElo "1546"]
[BlackElo "1709"]
[PlyCount "80"]
[EventDate "2019.??.??"]
[WhiteTeam "Riga Chess School"]
[BlackTeam "SC Turm Reinfeld"]

1. e4 e6 2. d4 d5 3. exd5 exd5 4. Bd3 Bd6 5. Nf3 Nf6 6. O-O O-O 7. Bg5 Bg4 8.
Nbd2 h6 9. Bh4 c6 10. c3 Nbd7 11. Qc2 Qc7 12. Rfe1 Rfe8 13. Bg3 Bxg3 14. hxg3
Rad8 15. Nh2 Be6 16. Ndf3 Ng4 17. Re2 Nf8 18. Rae1 Qc8 19. Ne5 Nxh2 20. Kxh2 f6
21. Ng6 Nxg6 22. Bxg6 Bf7 23. Re7 Rf8 24. Bxf7+ Rxf7 25. Qe2 Kf8 26. Kg1 Rxe7
27. Qxe7+ Kg8 28. f4 Rd7 29. Qe6+ Kf8 30. Kf2 Qd8 31. Qe3 Re7 32. Qxe7+ Qxe7
33. Rxe7 Kxe7 34. f5 Kf7 35. Ke3 g5 36. g4 b5 37. b3 Ke7 38. Kd3 a5 39. c4 b4
40. cxd5 cxd5 1/2-1/2

[Event "Sparkassen-Open B"]
[Site "Heusenstamm, Martinsee"]
[Date "2019.11.22"]
[Round "2.16"]
[White "Dehmel, Manfred"]
[Black "Haas, Vanessa"]
[Result "0-1"]
[WhiteElo "1545"]
[BlackElo "1706"]
[PlyCount "84"]
[EventDate "2019.??.??"]
[WhiteTeam "SC Königsspringer Alzenau"]
[BlackTeam "SC FK Babenhausen"]

1. Nf3 Nf6 2. d4 d5 3. a3 e6 4. e3 Bd6 5. Nc3 c6 6. Bd3 Nbd7 7. O-O O-O 8. e4
dxe4 9. Nxe4 Nxe4 10. Bxe4 e5 11. d5 Nf6 12. Bg5 cxd5 13. Bxf6 Qxf6 14. Qxd5
Rb8 15. Qa5 a6 16. c4 Be6 17. Qc3 Bg4 18. Rfd1 Bc7 19. b4 Kh8 20. Ra2 Qe7 21.
Re1 f5 22. Bd5 e4 23. Nd2 Qd6 24. g3 b5 25. f3 exf3 26. Nxf3 f4 27. Qe5 Qd8 28.
Qe7 fxg3 29. Qxd8 Rbxd8 30. Kg2 bxc4 31. Bc6 Bxf3+ 32. Bxf3 gxh2 33. Rc2 Bb8
34. Rxc4 Rd3 35. Be4 Rxa3 36. Rcc1 Ra2+ 37. Kh1 Bd6 38. Rb1 Ra4 39. Bc6 Rxb4
40. Rxb4 Bxb4 41. Re8 Rxe8 42. Bxe8 Bd6 0-1

[Event "Sparkassen-Open B"]
[Site "Heusenstamm, Martinsee"]
[Date "2019.11.22"]
[Round "2.17"]
[White "Goodwin, David"]
[Black "Bursch, Alexander"]
[Result "0-1"]
[WhiteElo "1541"]
[BlackElo "1699"]
[PlyCount "116"]
[EventDate "2019.??.??"]
[WhiteTeam "SV Kelsterbach"]
[BlackTeam "SV Hennef"]

1. Nf3 c5 2. g3 Nc6 3. Bg2 g6 4. d3 Bg7 5. c4 Nf6 6. Nbd2 O-O 7. O-O Rb8 8. a3
b5 9. Rb1 bxc4 10. Nxc4 Nd5 11. Bd2 Bb7 12. Qc1 Re8 13. e4 Nf6 14. Bf4 Rc8 15.
Qd2 d5 16. exd5 Nxd5 17. Nfe5 Nxf4 18. Qxf4 f6 19. Nxc6 Bxc6 20. Bxc6 Rxc6 21.
Rfd1 e5 22. Qf3 Rc7 23. Ne3 Rd7 24. Nc4 Rd4 25. b4 cxb4 26. axb4 Re7 27. Na5
Qd5 28. Qxd5+ Rxd5 29. Nc6 Red7 30. Nb8 Rb7 31. Nc6 Bf8 32. d4 exd4 33. Rxd4
Rxd4 34. Nxd4 Rxb4 35. Rxb4 Bxb4 36. Nc2 a5 37. Kf1 Kf7 38. Ke2 Ke6 39. Kd3 Kd5
40. f3 Bd6 41. Ne3+ Kc6 42. Nc2 a4 43. Kc4 Bc5 44. h3 g5 45. g4 Kd6 46. Ne1 a3
47. Kb3 Kd5 48. Nc2 Ke5 49. Ne1 Kd4 50. Ng2 Bd6 51. h4 h6 52. hxg5 hxg5 53. Ka2
Kd3 54. f4 Ke2 55. fxg5 fxg5 56. Nh4 gxh4 57. g5 h3 58. g6 Be5 0-1

[Event "Sparkassen-Open B"]
[Site "Heusenstamm, Martinsee"]
[Date "2019.11.22"]
[Round "2.18"]
[White "Treiber, Volker"]
[Black "Ketting, Douwe"]
[Result "1-0"]
[WhiteElo "1692"]
[BlackElo "1534"]
[PlyCount "59"]
[EventDate "2019.??.??"]
[WhiteTeam "SK Lohr"]
[BlackTeam "SC Somborn"]

1. d4 Nf6 2. Bf4 g6 3. c3 Bg7 4. Nd2 d5 5. h3 O-O 6. Ngf3 Nbd7 7. e3 c5 8. Bd3
cxd4 9. cxd4 b6 10. Rc1 Bb7 11. O-O Rc8 12. Qa4 a5 13. Bb5 Nb8 14. Ne5 Ne4 15.
Nxe4 dxe4 16. Nd7 Nxd7 17. Bxd7 Rxc1 18. Rxc1 Qa8 19. Bc7 Qa6 20. Qc4 Qa7 21.
Qb3 Bc8 22. Ba4 Be6 23. d5 Rc8 24. dxe6 Rxc7 25. Rd1 Qb8 26. exf7+ Kf8 27. Qd5
Rc5 28. Qxe4 Kxf7 29. Bb3+ Kf8 30. Qe6 1-0

[Event "Sparkassen-Open B"]
[Site "Heusenstamm, Martinsee"]
[Date "2019.11.22"]
[Round "2.19"]
[White "Spinnler, Wolfgang"]
[Black "Plaumann, Arvin"]
[Result "1/2-1/2"]
[WhiteElo "1541"]
[BlackElo "1691"]
[PlyCount "118"]
[EventDate "2019.??.??"]
[WhiteTeam "SC Landskrone"]
[BlackTeam "SF Heidesheim"]

1. Nf3 Nf6 2. c4 d6 3. b3 Nc6 4. Bb2 Bf5 5. d3 e5 6. g3 Qd7 7. Bg2 Be7 8. Nbd2
O-O-O 9. Ng5 Rdf8 10. e4 h6 11. Nxf7 Rxf7 12. exf5 Qxf5 13. Qf3 Qxf3 14. Bxf3
Nb4 15. Ke2 Nd7 16. a3 Nc2 17. Rac1 Nd4+ 18. Bxd4 exd4 19. Bd5 Rff8 20. Rce1 c6
21. Be6 Rf6 22. Bxd7+ Kxd7 23. f4 Rhf8 24. Kd1 g5 25. fxg5 hxg5 26. Ref1 Rxf1+
27. Rxf1 Rxf1+ 28. Nxf1 d5 29. a4 dxc4 30. bxc4 a6 31. g4 b5 32. axb5 axb5 33.
cxb5 cxb5 34. Kc2 Kd6 35. Nd2 Ke5 36. Nf3+ Kf4 37. Nxd4 b4 38. Kb3 Kxg4 39. Nc6
Bd6 40. Nxb4 Kh3 41. Na2 Kxh2 42. Nc1 Kg2 43. Kc2 Kf2 44. Kd1 g4 45. Ne2 Bb4
46. d4 Ba5 47. d5 Bb4 48. Nf4 g3 49. Nh3+ Kf3 50. Ng1+ Ke3 51. Nh3 g2 52. Ng1
Kf2 53. Nh3+ Kg3 54. Ng1 Bc5 55. Ne2+ Kf2 56. Kd2 Bb4+ 57. Kd3 Ba5 58. d6 Bb4
59. Nf4 g1=N 1/2-1/2

[Event "Sparkassen-Open B"]
[Site "Heusenstamm, Martinsee"]
[Date "2019.11.22"]
[Round "2.20"]
[White "Zerhusen, Martin"]
[Black "Baltic, Sara"]
[Result "1/2-1/2"]
[WhiteElo "1691"]
[BlackElo "1520"]
[PlyCount "88"]
[EventDate "2019.??.??"]
[WhiteTeam "SV Oberursel"]
[BlackTeam "SG Porz"]

1. d4 Nf6 2. c4 g6 3. Nc3 d5 4. b3 Bg7 5. e3 O-O 6. Nf3 Bg4 7. Be2 Bxf3 8. Bxf3
c6 9. cxd5 cxd5 10. O-O e6 11. Bb2 Nc6 12. Qe2 Qd7 13. Rfc1 Rfc8 14. Na4 b6 15.
Qd2 Ne7 16. Ba3 Rxc1+ 17. Rxc1 Rc8 18. Rc3 Rxc3 19. Qxc3 Bf8 20. Nb2 Qc8 21.
Qxc8 Nxc8 22. Bxf8 Kxf8 23. Nd3 Ne7 24. Ne5 Ne8 25. Be2 Nc7 26. Kf1 Ke8 27. Ke1
f6 28. Nf3 Nf5 29. Kd2 Nd6 30. Bd3 Ke7 31. Kc3 Ncb5+ 32. Bxb5 Nxb5+ 33. Kb4 Nd6
34. Nd2 Kd7 35. a4 a5+ 36. Kc3 Kc6 37. b4 axb4+ 38. Kxb4 Nb7 39. Nb3 Nd6 40.
Nd2 Nb7 41. f3 Nd6 42. g3 Nf5 43. Nf1 Nd6 44. Nd2 Nf5 1/2-1/2

[Event "Sparkassen-Open B"]
[Site "Heusenstamm, Martinsee"]
[Date "2019.11.22"]
[Round "2.21"]
[White "Kähm, Kevin"]
[Black "Althaus, Lennart"]
[Result "1-0"]
[WhiteElo "1468"]
[BlackElo "1690"]
[PlyCount "87"]
[EventDate "2019.??.??"]
[WhiteTeam "SK Bischofsheim"]
[BlackTeam "TV-Großostheim"]

1. d4 d5 2. Nf3 Nf6 3. Bf4 e6 4. g3 Nbd7 5. Bg2 c5 6. dxc5 Bxc5 7. O-O O-O 8.
c3 a6 9. Nbd2 b5 10. Qc2 Bb7 11. Rfe1 Qb6 12. e3 Rac8 13. Ne5 Rfd8 14. Nb3 h6
15. Nxd7 Nxd7 16. e4 dxe4 17. Bxe4 Bxe4 18. Rxe4 Nf6 19. Re2 Nd5 20. Be5 Rd7
21. Nxc5 Qxc5 22. Bd4 Qc4 23. Re4 Qc6 24. Qd2 Nf6 25. Re2 Re8 26. Qf4 Red8 27.
Bxf6 Rd1+ 28. Re1 Rxa1 29. Rxa1 gxf6 30. Qxf6 Rd2 31. Qxh6 Rxb2 32. Rd1 Qb6 33.
Qg5+ Kh7 34. Rd4 Qxd4 35. cxd4 Rxa2 36. d5 Ra1+ 37. Kg2 exd5 38. Qxd5 Kg8 39.
Qd8+ Kh7 40. Qf6 Ra4 41. Qxf7+ Kh6 42. Qb3 Rc4 43. h4 Kg6 44. f4 1-0

[Event "Sparkassen-Open B"]
[Site "Heusenstamm, Martinsee"]
[Date "2019.11.22"]
[Round "2.22"]
[White "Gude, Michael"]
[Black "Martin, Peter"]
[Result "1-0"]
[WhiteElo "1685"]
[BlackElo "1395"]
[PlyCount "85"]
[EventDate "2019.??.??"]
[WhiteTeam "Frankfurter TV"]
[BlackTeam "SC Wittlich"]

1. e4 c5 2. c3 d6 3. Nf3 Nf6 4. Bb5+ Bd7 5. Bd3 e5 6. h3 Bc6 7. Qe2 Be7 8. O-O
O-O 9. Bc2 b5 10. d3 a5 11. Be3 Nbd7 12. Nbd2 b4 13. c4 a4 14. Nh2 Ne8 15. f4
f6 16. f5 Nc7 17. Qg4 Qe8 18. h4 Qf7 19. h5 h6 20. Bxh6 Kh7 21. Be3 Rh8 22.
Qg6+ Qxg6 23. hxg6+ Kg8 24. Nhf3 Rf8 25. g3 Bd8 26. Kg2 Ne8 27. b3 a3 28. Nh4
Bb6 29. Ndf3 Nc7 30. Rh1 Rc8 31. g4 Kf8 32. g5 Ke7 33. Rh3 Rcg8 34. Rah1 Ne8
35. gxf6+ Nexf6 36. Ng5 Rh5 37. Bd1 Rxh4 38. Rxh4 Nf8 39. Rh8 Rxh8 40. Rxh8 Bd7
41. Bf2 Ne8 42. Nh7 Nxh7 43. gxh7 1-0

[Event "Sparkassen-Open B"]
[Site "Heusenstamm, Martinsee"]
[Date "2019.11.22"]
[Round "2.23"]
[White "Fischer, Lutz"]
[Black "Gnandt, Michael"]
[Result "0-1"]
[WhiteElo "1679"]
[BlackElo "1434"]
[PlyCount "80"]
[EventDate "2019.??.??"]
[WhiteTeam "SF Frankfurt"]
[BlackTeam "SV Steinhausen"]

1. e4 e5 2. Nf3 Nc6 3. Bb5 d6 4. d4 exd4 5. Nxd4 Nge7 6. Bg5 Bd7 7. O-O Nxd4 8.
Bxd7+ Qxd7 9. Qxd4 Nc6 10. Qd2 Be7 11. Be3 O-O 12. c4 Bf6 13. Nc3 Ne5 14. b3 c6
15. Rad1 Rfd8 16. f4 Ng4 17. Bd4 Bxd4+ 18. Qxd4 Qe7 19. Ne2 d5 20. cxd5 cxd5
21. e5 f6 22. h3 fxe5 23. Qc3 exf4 24. Nxf4 Qe3+ 25. Qxe3 Nxe3 26. Rfe1 Nxd1
27. Rxd1 d4 28. Kf2 Rd6 29. Ke2 Re8+ 30. Kd3 Re3+ 31. Kc4 Re4 32. Nd3 b6 33.
Rd2 Re8 34. Nb4 Rc8+ 35. Kd3 a5 36. Nc2 Rc3+ 37. Ke4 d3 38. Ne1 Rdc6 39. Nxd3
Rc2 40. Rxc2 Rxc2 0-1

[Event "Sparkassen-Open B"]
[Site "Heusenstamm, Martinsee"]
[Date "2019.11.22"]
[Round "2.24"]
[White "Laznik, Zeljko"]
[Black "Ilievski, Kosto"]
[Result "0-1"]
[WhiteElo "1432"]
[BlackElo "1678"]
[PlyCount "106"]
[EventDate "2019.??.??"]
[WhiteTeam "SF Heusenstamm"]
[BlackTeam "SC Groß-Zimmern"]

1. e4 c6 2. Nc3 d5 3. exd5 cxd5 4. d4 Nf6 5. h3 Bf5 6. Bd3 Bxd3 7. Qxd3 e6 8.
Qb5+ Qd7 9. Qxd7+ Kxd7 10. a3 h6 11. Bf4 Bd6 12. Bxd6 Kxd6 13. Nb5+ Kc6 14. Nc3
Nbd7 15. Nf3 Rhc8 16. O-O a6 17. a4 Kd6 18. Rfc1 Rc7 19. Nd1 Rac8 20. c3 Nb6
21. a5 Nbd7 22. Ne3 Nh5 23. g3 f5 24. Ng2 Nhf6 25. Rc2 Re8 26. Re1 g5 27. Ne5
Nb8 28. f3 Nc6 29. b4 Nxd4 30. Rd2 Nc6 31. Nc4+ Ke7 32. Nb6 Kf7 33. Rde2 Na7
34. Re3 Nc8 35. Nxc8 Rcxc8 36. R1e2 Rc6 37. Rd3 Rec8 38. Ree3 Nd7 39. f4 Nf6
40. Ne1 Ne4 41. fxg5 hxg5 42. Nf3 Kf6 43. Nd4 Rxc3 44. Rxc3 Rxc3 45. Rxc3 Nxc3
46. Kf2 e5 47. Nb3 Ne4+ 48. Kf3 Ke6 49. Nc5+ Nxc5 50. bxc5 d4 51. h4 e4+ 52.
Ke2 gxh4 53. gxh4 f4 0-1

[Event "Sparkassen-Open B"]
[Site "Heusenstamm, Martinsee"]
[Date "2019.11.22"]
[Round "2.25"]
[White "Burow, Roger"]
[Black "Tobias, Christian"]
[Result "0-1"]
[WhiteElo "1670"]
[BlackElo "1354"]
[PlyCount "134"]
[EventDate "2019.??.??"]
[WhiteTeam "SV Kelsterbach"]
[BlackTeam "SV Oberursel"]

1. e4 e5 2. d4 Nf6 3. Nf3 exd4 4. e5 Nd5 5. Bc4 c6 6. O-O Be7 7. Qxd4 Nc7 8.
Nc3 O-O 9. Bf4 Ne6 10. Qd2 Nxf4 11. Qxf4 d5 12. Rad1 Qc7 13. Bd3 f6 14. Rfe1
Nd7 15. Qh4 h6 16. e6 Ne5 17. Qg3 Bd6 18. Bf5 Nxf3+ 19. Qxf3 Bxh2+ 20. Kh1 Be5
21. Qh5 g5 22. Qxh6 Qg7 23. Qh5 Qh8 24. Qxh8+ Kxh8 25. Rd3 Kg7 26. Rh3 Rh8 27.
Rxh8 Kxh8 28. Re3 b6 29. Rh3+ Kg8 30. Nd1 c5 31. c3 d4 32. g4 Ba6 33. Bh7+ Kf8
34. Be4 Re8 35. Bd5 Be2 36. Rh8+ Ke7 37. Rh7+ Kd8 38. Rd7+ Kc8 39. Rxa7 Bxg4
40. Bb7+ Kd8 41. cxd4 Bxd4 42. f3 Bxe6 43. Bc6 Re7 44. Ra6 Bd7 45. Bxd7 Kxd7
46. Kg2 Kc6 47. Ra3 Bxb2 48. Rb3 Bd4 49. Kg3 c4 50. Ra3 b5 51. Nf2 Bxf2+ 52.
Kxf2 b4 53. Ra6+ Kb5 54. Rxf6 Re5 55. Rd6 c3 56. Rd1 Ka4 57. Rc1 Ka3 58. Rc2
Rc5 59. Ke3 b3 60. axb3 Kxb3 61. Rc1 Rd5 62. Ke4 Rd8 63. Rb1+ Ka2 64. Rb5 c2
65. Rc5 Kb2 66. Rb5+ Kc3 67. Rc5+ Kd2 0-1

[Event "Sparkassen-Open B"]
[Site "Heusenstamm, Martinsee"]
[Date "2019.11.22"]
[Round "2.26"]
[White "Buchinger, Alexis"]
[Black "Röth, Alexander"]
[Result "1-0"]
[WhiteElo "1399"]
[BlackElo "1634"]
[PlyCount "55"]
[EventDate "2019.??.??"]
[WhiteTeam "SF Neuberg"]
[BlackTeam "Schachforum Darmstadt"]

1. e4 c6 2. d4 d5 3. Nd2 dxe4 4. Nxe4 Bf5 5. Ng3 Bg6 6. N1e2 e6 7. Nf4 Bd6 8.
c3 Nf6 9. h4 Bxf4 10. Bxf4 h6 11. Bd3 Bxd3 12. Qxd3 Qe7 13. Ne4 Nxe4 14. Qxe4
Nd7 15. O-O-O O-O-O 16. Bh2 Rhe8 17. Qf4 e5 18. dxe5 Qe6 19. Qa4 a6 20. Rd6 Qf5
21. Rxc6+ bxc6 22. Qxc6+ Kb8 23. e6+ Ne5 24. Qb6+ Kc8 25. Qxa6+ Kc7 26. Qa5+
Kd6 27. Rd1+ Ke7 28. Qc7+ 1-0

[Event "Sparkassen-Open B"]
[Site "Heusenstamm, Martinsee"]
[Date "2019.11.22"]
[Round "2.27"]
[White "Suliga, Eckhard"]
[Black "Jansen, Malte"]
[Result "1-0"]
[WhiteElo "1656"]
[BlackElo "790"]
[PlyCount "39"]
[EventDate "2019.??.??"]
[WhiteTeam "SC Lüneburg"]
[BlackTeam "SC Herborn"]

1. e4 e5 2. Nf3 Nc6 3. Bb5 Bc5 4. c3 Nf6 5. O-O d6 6. d4 exd4 7. cxd4 Bb6 8. d5
Bd7 9. dxc6 bxc6 10. Bd3 O-O 11. Nc3 Re8 12. Bg5 Bg4 13. Bc2 Re5 14. Bf4 Rc5
15. Qd3 Qe7 16. h3 Bh5 17. b4 Rxc3 18. Qxc3 Nxe4 19. Qxc6 Bxf3 20. Qxa8+ 1-0

[Event "Sparkassen-Open B"]
[Site "Heusenstamm, Martinsee"]
[Date "2019.11.22"]
[Round "2.28"]
[White "Federenko, Ingo"]
[Black "Rashed, Mohammed"]
[Result "0-1"]
[WhiteElo "1359"]
[BlackElo "1566"]
[PlyCount "68"]
[EventDate "2019.??.??"]
[WhiteTeam "SC FK Babenhausen"]
[BlackTeam "Sfr. Mörfelden"]

1. d4 Nf6 2. c4 e6 3. Nc3 d5 4. cxd5 exd5 5. Nf3 Be7 6. e3 Bf5 7. Bd3 Bg6 8.
Ne5 Bxd3 9. Qxd3 c6 10. a3 Qc7 11. O-O Nbd7 12. f4 O-O 13. b4 a5 14. b5 Rfc8
15. Rf2 Nb6 16. Bb2 Nfd7 17. e4 dxe4 18. Nxe4 f6 19. Nxd7 Qxd7 20. a4 cxb5 21.
Qb3+ Qd5 22. Qxd5+ Nxd5 23. axb5 Rc4 24. Ba3 Bxa3 25. Rxa3 Rxd4 26. Nc5 b6 27.
Ne6 Rb4 28. Rd3 Rxb5 29. Rfd2 Kf7 30. Nxg7 Kxg7 31. Rxd5 Rxd5 32. Rxd5 a4 33.
Rd2 a3 34. Ra2 b5 0-1

[Event "Sparkassen-Open B"]
[Site "Heusenstamm, Martinsee"]
[Date "2019.11.22"]
[Round "2.29"]
[White "Bastian, Ben"]
[Black "Krasowitzki, Jan"]
[Result "1-0"]
[WhiteElo "1632"]
[BlackElo "1173"]
[PlyCount "93"]
[EventDate "2019.??.??"]
[WhiteTeam "SC Herborn"]
[BlackTeam "VSG Offenbach"]

1. d4 d5 2. c4 c6 3. Nc3 Nf6 4. Nf3 Bf5 5. a3 e6 6. Bg5 Be7 7. e3 O-O 8. Be2 h6
9. Bh4 Nbd7 10. b4 a6 11. c5 b6 12. O-O a5 13. b5 bxc5 14. bxc6 cxd4 15. Nxd4
Ne5 16. Bg3 Bd6 17. Ncb5 Ne8 18. Nxd6 Qxd6 19. Nb5 Qxc6 20. Bxe5 f6 21. Rc1 Qb7
22. Bg3 e5 23. Bd3 Bd7 24. Rb1 Nc7 25. Qe2 Rab8 26. a4 Qb6 27. Rfc1 Rb7 28. h3
Nxb5 29. Bxb5 Bf5 30. Bd3 Rc8 31. Bxf5 Rxc1+ 32. Rxc1 Kf7 33. Qd3 Qd6 34. Rd1
d4 35. Qxd4 Qxd4 36. exd4 g6 37. Be4 Rd7 38. d5 f5 39. Bc2 e4 40. d6 Ke6 41.
Bb3+ Kf6 42. Bd5 g5 43. Bc6 Rd8 44. f4 exf3 45. gxf3 f4 46. Bf2 Ke6 47. d7 1-0

[Event "Sparkassen-Open B"]
[Site "Heusenstamm, Martinsee"]
[Date "2019.11.22"]
[Round "2.30"]
[White "Solovej, Philip"]
[Black "Pichl, Christoph"]
[Result "0-1"]
[WhiteElo "1245"]
[BlackElo "1611"]
[PlyCount "86"]
[EventDate "2019.??.??"]
[WhiteTeam "SK Gründau"]
[BlackTeam "SK Bad Homburg"]

1. e4 c6 2. d4 d5 3. f3 dxe4 4. fxe4 Nf6 5. Nc3 Bg4 6. Be2 Bxe2 7. Ngxe2 e6 8.
Bg5 Be7 9. O-O O-O 10. Bxf6 Bxf6 11. e5 Bg5 12. Nf4 Bh6 13. Ne4 Bxf4 14. Rxf4
Nd7 15. Qf3 f5 16. exf6 Nxf6 17. Nxf6+ Rxf6 18. Rxf6 Qxd4+ 19. Qf2 Qxf6 20.
Qxf6 gxf6 21. Rd1 Rf8 22. Rd7 Rf7 23. Rd8+ Kg7 24. Rd3 f5 25. Kf2 Kf6 26. h4
Re7 27. g3 e5 28. c3 Ke6 29. b3 Rd7 30. Rxd7 Kxd7 31. a4 Ke6 32. c4 Kd6 33. b4
a6 34. Kf3 h5 35. Ke3 b5 36. axb5 axb5 37. c5+ Kd5 38. Kd3 e4+ 39. Kc3 Ke5 40.
Kc2 Kd4 41. Kd2 Kc4 42. Ke3 Kxb4 43. g4 fxg4 0-1

[Event "Sparkassen-Open B"]
[Site "Heusenstamm, Martinsee"]
[Date "2019.11.22"]
[Round "2.32"]
[White "Draxler, Gottfried"]
[Black "Grünzig, Matthias"]
[Result "1-0"]
[WhiteElo "1762"]
[BlackElo "1457"]
[PlyCount "111"]
[EventDate "2019.??.??"]
[WhiteTeam "SF Neuberg"]
[BlackTeam "Berkershm"]

1. c4 g6 2. g3 Bg7 3. Bg2 e5 4. e3 Nf6 5. Nc3 d6 6. Nge2 Nc6 7. a3 O-O 8. O-O
Be6 9. d3 Qc8 10. b4 Bh3 11. Bb2 Bxg2 12. Kxg2 a6 13. Rc1 Ne7 14. e4 Rd8 15.
Nd5 Nexd5 16. cxd5 b5 17. Rc2 h5 18. h3 Bh6 19. Bc1 Kg7 20. Bxh6+ Kxh6 21. Qc1+
Kg7 22. Rxc7 Qb8 23. Qc6 Rc8 24. Rc1 Rxc7 25. Qxc7 Qxc7 26. Rxc7 Ne8 27. Rc6
Kf6 28. f4 Ke7 29. d4 exf4 30. gxf4 Kd7 31. Kf3 Nc7 32. Rc3 a5 33. Rb3 a4 34.
Rb2 Rf8 35. Nc3 f6 36. Rg2 g5 37. Ke3 Rg8 38. Kf3 Rf8 39. Ke3 Rg8 40. fxg5 fxg5
41. e5 Rg7 42. Ke4 Rg8 43. Rg3 Ke7 44. Kf5 g4 45. hxg4 hxg4 46. Rxg4 Rf8+ 47.
Ke4 Rf7 48. Rg6 dxe5 49. dxe5 Kf8 50. d6 Ne8 51. Nxb5 Rb7 52. Nc3 Kf7 53. Rh6
Kg7 54. Rh3 Kf7 55. Kd5 Rb5+ 56. Nxb5 1-0

[Event "Sparkassen-Open B"]
[Site "Heusenstamm, Martinsee"]
[Date "2019.11.22"]
[Round "2.33"]
[White "Cromm, Mika"]
[Black "Berkes, Jörg"]
[Result "1-0"]
[WhiteElo "1451"]
[BlackElo "1754"]
[PlyCount "91"]
[EventDate "2019.??.??"]
[WhiteTeam "TuS Löhnberg"]
[BlackTeam "SK Langen"]

1. d4 Nf6 2. c4 g6 3. Nc3 Bg7 4. Bf4 Nh5 5. Bc1 c5 6. e3 cxd4 7. exd4 Nc6 8.
Nf3 Qb6 9. Nd5 Qd8 10. Be3 Nf6 11. Nc3 Ng4 12. Bf4 d6 13. h3 Nf6 14. Be2 O-O
15. O-O Nh5 16. Be3 f5 17. d5 f4 18. dxc6 fxe3 19. Qd5+ e6 20. cxb7 Bxb7 21.
Qxb7 Nf4 22. fxe3 Rf7 23. Qe4 d5 24. cxd5 exd5 25. Qc2 Qb6 26. Qd2 Rd8 27. Nd4
Nxe2+ 28. Ncxe2 Re7 29. Kh1 Re4 30. Rf4 Re5 31. Rc1 Rde8 32. Rf3 Bh6 33. Nf4
Kh8 34. Qc3 Bg7 35. Qc6 Qxb2 36. Nxd5 Rb8 37. Rcf1 Qxa2 38. Qd6 Rbe8 39. Nc7
Rg8 40. Nde6 Qa5 41. Nxg7 Kxg7 42. Qf6+ Kh6 43. Qh4+ Rh5 44. Qf4+ g5 45. Qf6+
Rg6 46. Qf8+ 1-0

[Event "Sparkassen-Open B"]
[Site "Heusenstamm, Martinsee"]
[Date "2019.11.22"]
[Round "2.34"]
[White "Spelleken, Hans-Gerd"]
[Black "Meng, Yuxuan"]
[Result "1/2-1/2"]
[WhiteElo "1753"]
[BlackElo "1378"]
[PlyCount "92"]
[EventDate "2019.??.??"]
[WhiteTeam "SC Kahl"]
[BlackTeam "SV Walldorf"]

1. Nf3 Nc6 2. d4 d5 3. e3 Nf6 4. c3 e6 5. Bd3 g6 6. Nbd2 Bg7 7. e4 Ne7 8. Ne5
Nd7 9. Ndf3 f6 10. Nxd7 Bxd7 11. Bf4 O-O 12. Qb3 b6 13. h4 c5 14. exd5 exd5 15.
c4 b5 16. cxb5 c4 17. Bxc4 dxc4 18. Qxc4+ Kh8 19. O-O Qb6 20. a4 Rac8 21. Qe2
Nd5 22. Be3 Nxe3 23. fxe3 Rfe8 24. Rfc1 f5 25. Rxc8 Bxc8 26. Qd2 Bh6 27. Ng5
Qf6 28. e4 Bxg5 29. hxg5 Qd6 30. Qc3 fxe4 31. Rf1 Qd5 32. Qe3 Bf5 33. b4 Rd8
34. Rd1 Qc4 35. Qf4 Qxb4 36. g4 Qd6 37. Qxd6 Rxd6 38. gxf5 gxf5 39. d5 Kg7 40.
Rc1 Rd7 41. Rc6 f4 42. d6 Kf7 43. a5 Ke6 44. b6 a6 45. Rc7 Rxc7 46. dxc7 Kd7
1/2-1/2

[Event "Sparkassen-Open B"]
[Site "Heusenstamm, Martinsee"]
[Date "2019.11.22"]
[Round "2.35"]
[White "Becker, Ralph"]
[Black "Laufer, Maximilian"]
[Result "1/2-1/2"]
[WhiteElo "1706"]
[BlackElo "1374"]
[PlyCount "78"]
[EventDate "2019.??.??"]
[WhiteTeam "SC Paimar"]
[BlackTeam "MS Halver-Schalksmühle"]

1. g3 d5 2. Bg2 Nf6 3. d3 Bf5 4. a3 e6 5. Nd2 c6 6. Ngf3 Nbd7 7. c4 Be7 8. O-O
O-O 9. b3 e5 10. cxd5 cxd5 11. Bb2 Bd6 12. b4 Rc8 13. Qb3 a6 14. Rfc1 Qe7 15.
Nh4 Be6 16. Qd1 Bb8 17. Rc2 Rxc2 18. Qxc2 Nb6 19. Rc1 Rc8 20. Qd1 Rxc1 21. Qxc1
Na4 22. Ba1 Bd7 23. Nb3 b6 24. Nf3 Qe6 25. Qc2 h6 26. d4 e4 27. Ne5 Bb5 28. Nc1
Ne8 29. f3 f5 30. f4 Nc7 31. Na2 Be8 32. Nc3 Nxc3 33. Bxc3 b5 34. Be1 Qb6 35.
Qc5 Ba7 36. Bh3 g6 37. g4 Ne6 38. Qxb6 Bxb6 39. e3 Ng7 1/2-1/2

[Event "Sparkassen-Open B"]
[Site "Heusenstamm, Martinsee"]
[Date "2019.11.22"]
[Round "2.36"]
[White "Carvelli, Nicolas"]
[Black "Raghavan, Badrinarayanan"]
[Result "0-1"]
[WhiteElo "1459"]
[BlackElo "1642"]
[PlyCount "50"]
[EventDate "2019.??.??"]
[WhiteTeam "SF Seligenstadt"]
[BlackTeam "SK Gießen"]

1. d4 c6 2. c4 d6 3. Nc3 Nf6 4. Nf3 Bg4 5. e4 Qc7 6. Be2 Nbd7 7. O-O e5 8. d5
Be7 9. b4 O-O 10. Be3 Bxf3 11. gxf3 Nh5 12. Qd2 f5 13. f4 Nxf4 14. Bxf4 exf4
15. Qxf4 fxe4 16. Qxe4 Bf6 17. Rac1 Rae8 18. Qd3 Ne5 19. Qg3 Ng6 20. Bh5 Bxc3
21. Bxg6 Be5 22. Qd3 hxg6 23. Qxg6 Qf7 24. Qd3 Qf4 25. Qg3 Qh6 0-1

[Event "Sparkassen-Open B"]
[Site "Heusenstamm, Martinsee"]
[Date "2019.11.22"]
[Round "2.37"]
[White "Heun, Andreas"]
[Black "Gräf, Kilian Gabriel"]
[Result "1-0"]
[WhiteElo "1640"]
[BlackElo "1439"]
[PlyCount "59"]
[EventDate "2019.??.??"]
[WhiteTeam "SC Ladja Roßdorf"]
[BlackTeam "SV Frankfurt Nord"]

1. d4 Nf6 2. Bf4 d6 3. e3 g6 4. Nc3 Bg7 5. Qd2 Nbd7 6. Be2 c5 7. Nf3 cxd4 8.
exd4 b6 9. Bh6 O-O 10. Bxg7 Kxg7 11. h4 h5 12. Ng5 Bb7 13. Rg1 Nh7 14. g4 hxg4
15. Rxg4 Rh8 16. O-O-O Nxg5 17. Qxg5 Nf6 18. Rg3 Rb8 19. h5 Rh6 20. Rdg1 Ne4
21. Nxe4 Bxe4 22. hxg6 Rxg6 23. Qf4 d5 24. f3 Rxg3 25. Qxg3+ Bg6 26. f4 Qc8 27.
Bd3 Qe6 28. f5 Qf6 29. fxg6 Rf8 30. gxf7+ 1-0